| 000 | 00548nam a22001817a 4500 | ||
|---|---|---|---|
| 003 | OSt | ||
| 005 | 20180116183012.0 | ||
| 008 | 150910b xxu||||| |||| 00| 0 eng d | ||
| 020 | _a9781121109247 | ||
| 040 | _c0 | ||
| 082 | _a658.514 KIL 2011 | ||
| 100 | _aCatherine Killen and Peter Dalmaris | ||
| 245 | _aTechnology and Innovation Management/ Introduction to Innovation | ||
| 260 |
_aAustralia _bMc Graw Hill _c2011 |
||
| 300 |
_a405 P. _bPB |
||
| 440 | _aTechnology and Innovation Management/ Introduction to Innovation | ||
| 942 |
_2ddc _cBK |
||
| 999 |
_c350326 _d350326 |
||